[Event "Jerusalem Israel op"]
[Site "Jerusalem"]
[Date "2019.12.22"]
[Round "9"]
[White "Birnboim, Nathan"]
[Black "Tadmor, Maya"]
[Result "1-0"]
[WhiteElo "2393"]
[BlackElo "1599"]
[PlyCount "103"]
[EventDate "2019.12.12"]
[EventType "swiss"]
[EventRounds "9"]
[EventCountry "ISR"]
[SourceTitle "CBM 193 Extra"]
[Source "ChessBase"]
[SourceDate "2020.01.31"]
[SourceVersion "1"]
[SourceVersionDate "2020.01.31"]
[SourceQuality "1"]

1. d4 Nf6 2. c4 g6 3. g3 Bg7 4. Bg2 d5 5. cxd5 Nxd5 6. e4 Nb6 7. Ne2 c5 8. d5 0-0 9. 0-0 N8d7 10. Na3 Re8 11. f4 e5 12. f5 Nf6 13. fxg6 hxg6 14. Nc3 a6 15. Bg5 Nbd7 16. Nc4 b5 17. Nd6 Rf8 18. Qf3 Qb6 19. Nxc8 Raxc8 20. Bh3 Rce8 21. a4 b4 22. a5 Qc7 23. Na4 Qxa5 24. Rfc1 Qc7 25. Bxf6 Nxf6 26. Nxc5 Ra8 27. Kh1 Qb6 28. Rc4 Rfd8 29. Na4 Qb7 30. Rc6 Ne8 31. Nb6 Rab8 32. Nc4 Ra8 33. b3 Ra7 34. Ra5 Qe7 35. Qf2 Rc7 36. Rxc7 Qxc7 37. Rxa6 Nd6 38. Rc6 Qe7 39. Qe1 Nb5 40. Rb6 Nc3 41. d6 Qf6 42. Rxb4 Qf3+ 43. Bg2 Qd3 44. Rb7 Qe2 45. Qxe2 Nxe2 46. d7 Kf8 47. Nb6 Bf6 48. Bf1 Nc3 49. Bd3 Nd1 50. Kg2 Nc3 51. Rc7 Be7 52. Rxc3 1-0

[Event "Jerusalem Israel op"]
[Site "Jerusalem"]
[Date "2019.12.12"]
[Round "1"]
[White "Golberg, Igor"]
[Black "Tadmor, Maya"]
[Result "1-0"]
[WhiteElo "2156"]
[BlackElo "1599"]
[PlyCount "51"]
[EventDate "2019.12.12"]
[EventType "swiss"]
[EventRounds "9"]
[EventCountry "ISR"]
[SourceTitle "CBM 193 Extra"]
[Source "ChessBase"]
[SourceDate "2020.01.31"]
[SourceVersion "1"]
[SourceVersionDate "2020.01.31"]
[SourceQuality "1"]

1. d4 Nf6 2. c4 g6 3. Nc3 d5 4. cxd5 Nxd5 5. e4 Nxc3 6. bxc3 Bg7 7. Nf3 c5 8. Rb1 0-0 9. Qd2 Qc7 10. Be2 Rd8 11. 0-0 cxd4 12. cxd4 Nc6 13. Bb2 Nxd4 14. Bxd4 e5 15. Qc3 Qe7 16. Bxe5 Bxe5 17. Qxe5 Qxe5 18. Nxe5 Re8 19. f4 f6 20. Ng4 Bxg4 21. Bxg4 Rxe4 22. Rxb7 f5 23. Bf3 Ree8 24. Rd1 Red8 25. Rxd8+ Rxd8 26. Rxa7 1-0